00496nam a2200169 a 4500001000800000005001700008008004100025020002400066040001800090082002200108100002600130245006900156260005900225300001200284500002000296650001000316344607220240208062359.0911002s1990 ii af b 001 0 eng  a0670831026 (U.S.) : aDLCcDLCdDLC 222a306.88.bSAT.0 aSakuntala Narasimhan,10aSati, a study of widow burning in India /cSakuntala Narasimhan. aNew Delhi, India ;aNew York, U.S.A. :bViking,c1990. a202 p., aIncludes index. 0aSati.